000 00634nmm a2200169Ia 4500
008 251105s9999||||xx |||||||||||||||||und||
020 _a9789876992060
041 _aspa
100 _aZysman, Nadia
245 0 _aDe la "subversión marxista" al "terrorismo de estado" : representaciones de la última dictadura militar en las narrativas históricas de la escuela media argentina (1983-2009)
264 _a[Buenos Aires, Argentina] :
_bEduvim,
_c2015
300 _a382 páginas
490 _aPoliedros
650 _aHistory of the Americas: Latin America
856 _uhttps://public.digitaliapublishing.com/a/41014
942 _cCF
999 _c97596
_d97596